| Tag |
First Indicator |
Second Indicator |
Subfields |
| LEADER |
00000cam a2200000 a 4500 |
| 001 |
in00000417153 |
| 005 |
20151012054809.0 |
| 008 |
840605s1890 moua 00010 eng d |
| 035 |
|
|
|a (OCoLC)10805932
|
| 035 |
|
|
|9 ABU8702AM
|
| 040 |
|
|
|a SUR
|c SUR
|d TXA
|d UtOrBLW
|
| 049 |
|
|
|a TXA1
|c [A14809438841]
|
| 090 |
|
|
|a F394.F7
|b M67 1890
|
| 100 |
1 |
|
|a Morrison, Andrew.
|
| 245 |
1 |
4 |
|a The city of Fort Worth and the state of Texas.
|
| 264 |
|
1 |
|a [St. Louis, Mo.] :
|b G.W. Englehardt,
|c 1890.
|
| 300 |
|
|
|a 126 pages :
|b frontispiece, illustrations, plate. ;
|c 26 cm.
|
| 336 |
|
|
|a text
|b txt
|2 rdacontent
|
| 337 |
|
|
|a unmediated
|b n
|2 rdamedia
|
| 338 |
|
|
|a volume
|b nc
|2 rdacarrier
|
| 490 |
0 |
|
|a Englehardt series: American cities
|
| 610 |
1 |
0 |
|a George W. Englehardt and Company.
|
| 651 |
|
0 |
|a Fort Worth (Tex.)
|x Description and travel.
|
| 999 |
|
|
|a MARS
|
| 999 |
f |
f |
|s 60b4f950-09aa-37e3-8427-daec479638e2
|i 2c94eacc-ee95-390b-838e-16d3bd71d925
|t 0
|
| 952 |
f |
f |
|p noncirc
|a Texas A&M University
|b College Station
|c Cushing Memorial Library & Archives
|d Cushing: Dykes (Does not check out)
|t 0
|e F394.F7 M67 1890
|h Library of Congress classification
|i unmediated -- volume
|m A14809438841
|
| 998 |
f |
f |
|a F394.F7 M67 1890
|t 0
|l Cushing: Dykes (Does not check out)
|